000 00510nam a2200205Ia 4500
003 OSt
005 20140311163112.0
008 140130s9999 xx 000 0 und d
050 _aPZ 7
_b.Er7323Go 2001
100 _aErnst, Lisa Campbell
_922939
245 _aGoldilocks returns /
_cErnst, Lisa Campbell
260 _bScholastic,
_c2001.
_aNew York :
300 _bcol. ill. ;
_c26 cm.
440 _v1
_931056
521 _aG3
526 _c530
942 _cBK
_2lcc
999 _c40601
_d40601